|
|
|
|
| LEADER |
00000naa a2200000uu 4500 |
| 001 |
vtls011074517 |
| 003 |
SK-MaSNL |
| 005 |
20260302111345.0 |
| 008 |
210908|2009 xo |||||||||||||||||eng| |
| 015 |
|
|
|a SNBRA
|
| 035 |
|
|
|a (urnnbn)urn:nbn:sk:snk:ar-a0cdbf
|
| 035 |
|
|
|a (uuid)f3e9b93b-2673-45d4-9cea-a0cad8cf102a
|
| 035 |
|
|
|a urn:nbn:sk:snk-aavjij
|
| 040 |
|
|
|a SNKBUCL
|b slo
|c SNKBUCL
|e AACR2
|
| 041 |
0 |
|
|a eng
|
| 044 |
|
|
|a xo
|c SK
|
| 100 |
1 |
|
|a Gintowt, Jolanta
|4 aut
|9 772234
|
| 245 |
1 |
0 |
|a THE PASSIVE BUILDINGS AS AN ENVIRONMENTAL PROTECTION
|c Jolanta Gintowt
|
| 773 |
0 |
|
|t Budova - energia 9
|d Košice : Technická univerzita, Stavebná fakulta, 2009
|g S. 37-40
|z 9788055303222
|
| 958 |
|
|
|a OND
|
| 958 |
|
|
|a article12
|
| 958 |
|
|
|a chapter
|
| 999 |
|
|
|c 1247310
|d 1249240
|